LIBRARY ONLINE CATALOGUE

Nine marks of a healthy church / (Record no. 9960)

MARC details
000 -LEADER
fixed length control field 00643nam a22002172 4500
001 - CONTROL NUMBER
control field 0000023754
005 - DATE AND TIME OF LATEST TRANSACTION
control field 20151217152248.0
008 - FIXED-LENGTH DATA ELEMENTS--GENERAL INFORMATION
fixed length control field 130321s xx 000 0 eng d
020 ## - INTERNATIONAL STANDARD BOOK NUMBER
International Standard Book Number 1581346312 :
040 ## - CATALOGING SOURCE
Original cataloging agency KABU
Transcribing agency KABU
100 1# - MAIN ENTRY--PERSONAL NAME
Personal name Dever, Mark.
-- 0000161180
245 10 - TITLE STATEMENT
Title Nine marks of a healthy church /
Statement of responsibility, etc. Mark Dever.
250 ## - EDITION STATEMENT
Edition statement New expanded ed.
260 ## - PUBLICATION, DISTRIBUTION, ETC. (IMPRINT)
Place of publication, distribution, etc. Wheaton :
Name of publisher, distributor, etc. Crossway,
Date of publication, distribution, etc. 2004.
300 ## - PHYSICAL DESCRIPTION
Extent 287 p.
650 #0 - SUBJECT ADDED ENTRY--TOPICAL TERM
Topical term or geographic name as entry element Church
General subdivision marks.
-- 0000183387
852 1# - LOCATION
-- p900 KES
852 1# - LOCATION
-- p900 KES
908 ## - PUT COMMAND PARAMETER (RLIN)
Put command parameter 130321
950 ## - LOCAL HOLDINGS (RLIN)
-- 1
Holdings
Withdrawn status Lost status Source of classification or shelving scheme Not for loan Home library Current library Date acquired Total Checkouts Full call number Barcode Date last seen Price effective from Koha item type
    Library of Congress Classification   Kabarak, Main Campus Kabarak, Main Campus 17/12/2015   BV601 .D48 2004 c. 1 014771 02/08/2024 17/12/2015 General Collection
    Library of Congress Classification   Kabarak, Main Campus Kabarak, Main Campus 17/12/2015   BV601 .D48 2004 c. 2 014772 02/08/2024 17/12/2015 General Collection